00346 a2200109 4500020001500000082001600015100002200031245007700053260005000130300003200180650002400212 a054049698X a624.171 HAR aHartmann, Friedel aStructural Analysis with Finite ElementscFriedel Hartmann, Casimir Katz aNew York :bSpringer Berlin Heidelberg,c2007 axii, 597p. :bill. ;c28 cm aStructural Analysis